000
00297nam a2200121Ia 4500
008
190722s9999 xx 000 0 und d
020
_a
978-93-325-1907-7
100
_a
Sheldon Ross
245
2
_a
A First Course in Probability
260
_a
New delhi
_b
Pearson
_c
2016
300
_a
455
942
_c
BK
999
_c
902
_d
902